| 000 | 00542nam a22001817a 4500 | ||
|---|---|---|---|
| 003 | BD-DhUL | ||
| 005 | 20210823145954.0 | ||
| 008 | 180919s1954 ii ||||| |||| 00| 0 urd d | ||
| 040 |
_aBD-DhUL _cBD-DhUL |
||
| 082 |
_a891.431 _bJAP |
||
| 100 | 1 | _aجعفری، سردار۔ | |
| 245 | 0 |
_aپتھر کی دیوار : _bنظم / _cسردار جعفری۔ |
|
| 246 | _aPatthar kī dīwār | ||
| 260 |
_aدہلی : _bمکتبہَ شاہراہ، _c۱۹۵۴۔ |
||
| 300 |
_aص۔۲۸۶ ؛ _c۲۱ سم۔ |
||
| 650 | 4 | _aUrdu poetry. | |
| 942 |
_2ddc _cBK |
||
| 999 |
_c243558 _d243558 |
||